Historia del alma máter de la educación física colombiana: segunda parte
Sábháilte in:
| Príomhchruthaitheoir: | |
|---|---|
| Formáid: | LEABHAR |
| Teanga: | Spáinnis |
| Foilsithe / Cruthaithe: |
Bogotá
Universidad Pedagógica Nacional
2000
|
| Ábhair: | |
| Clibeanna: |
Cuir clib leis
Níl clibeanna ann, Bí ar an gcéad duine le clib a chur leis an taifead seo!
|
MARC
| LEADER | 00000nam a2200000 a 4500 | ||
|---|---|---|---|
| 001 | UCO3908 | ||
| 003 | CL-VaPUC | ||
| 008 | 000728e20000000CK |||||||||||||||||spa|d | ||
| 082 | 0 | 4 | |a 372.86 |b VAC |2 21 |
| 100 | 0 | |a Vaca Hernández, Angel Humberto |e author |9 447944 | |
| 245 | 1 | 0 | |a Historia del alma máter de la educación física colombiana: segunda parte |
| 300 | |a 216 p | ||
| 942 | |c BK | ||
| 945 | |d 20000728 00:00:00 |a rbrito | ||
| 260 | |a Bogotá |b Universidad Pedagógica Nacional |c 2000 | ||
| 650 | 0 | |a Educación física |9 240893 | |
| 650 | 0 | |a Historia de la educación |9 257642 | |
| 651 | 0 | |a Colombia |9 256424 | |
| 583 | |a last modification |c 20170913 12:18:07 |k Rodrigo Vera | ||
| 999 | |c 290025 |d 290023 | ||
| 952 | |0 0 |1 0 |4 0 |6 372_860000000000000_VAC_2000 |7 0 |8 P |9 339136 |a BIBEDU |b BIBEDU |c BIBEDU_PB |d 2019-11-20 |i 3632032 |o 372.86 VAC 2000 |p 3632032 |r 2024-01-25 |w 2019-11-20 |y BK |k EFI | ||
| 952 | |0 0 |1 0 |4 0 |6 372_860000000000000_VAC_2000 |7 0 |8 P |9 339137 |a BIBEDU |b BIBEDU |c BIBEDU_PB |d 2019-11-20 |i 3644472 |o 372.86 VAC 2000 |p 3644472 |r 2024-01-25 |w 2019-11-20 |y BK |k BME | ||